000 00534nab a2200169 a 4500
005 20210223125805.0
008 991125s1985 mx 000 0 spa u
035 _aUPN01000142169
100 1 _aGonzález Cuberes, María Teresa,
_d1941-
_928881
222 _aLA EDUCACION EN LOS PRIMEROS AÑOS
245 _aPensando en la prevención : ¿nos atrevemos a revisar algunas creencias y supuestos teóricos?
260 _aMéxico
300 _a62-77
653 0 _aPREVENCION DE ACCIDENTES
653 0 _aINFANCIA
905 _aArticulo
999 _c114316
_d114316